| 000 | 01089cam a2200229 4500 | ||
|---|---|---|---|
| 001 | ##L116257 | ||
| 008 | 020111n2001 000 0 eng u | ||
| 035 | _a(Sirsi) u116257 | ||
| 050 | _a692.8 | ||
| 110 |
_aJoint Contracts Tribunal _93664 |
||
| 240 | _aStandard form of agreement for collateral warranty MCWa/F for use where a warranty is to be given to a company providing finance for the proposed building works by a main contractor | ||
| 245 | _aForm of agreement for collateral warranty for funding instructions by a main contractor: MCWa/F | ||
| 260 |
_aLondon _bRIBA _c2001 |
||
| 300 |
_a8p. _c30cm. |
||
| 490 |
_aJCT Standard Form of Agreement for Collateral Warranty 2001 Edition _vMCWa/F (Funder) |
||
| 650 | _aBUILT ENVIRONMENT-BUILDING CONTRACT FORMS-CONSTRUCTION COLLATERAL WARRANTY FORMS | ||
| 650 | _aBUILT ENVIRONMENT-BUILDING CONTRACT FORMS | ||
| 650 | _aBUILT ENVIRONMENT-BUILDING CONTRACT FORMS-STANDARD FORMS OF BUILDING CONTRACT-JOINT CONTRACTS TRIBNUAL CONTRACTS | ||
| 650 | _aMCWA/F | ||
| 690 | _aBUILT ENVIRONMENT-BUILDING CONTRACT FORMS | ||
| 942 | _n0 | ||
| 999 |
_c101840 _d101840 |
||